Trăm áng thơ tình Việt Nam

Spremljeno u:
Bibliografski detalji
Format: Knjiga
Jezik:Undetermined
Izdano: Hà Nội Văn Học 2010
Teme:
Oznake: Dodaj oznaku
Bez oznaka, Budi prvi tko označuje ovaj zapis!
Thư viện lưu trữ: Trung tâm Học liệu Trường Đại học Cần Thơ
LEADER 00547nam a2200181Ia 4500
001 CTU_176078
008 210402s9999 xx 000 0 und d
020 |c 38000 
082 |a 895.9221008 
082 |b Tr114 
245 0 |a Trăm áng thơ tình Việt Nam 
245 0 |c Nam Hồng, Mai Hương (Sưu tầm, tuyển chọn) 
260 |a Hà Nội 
260 |b Văn Học 
260 |c 2010 
650 |a Vietnamese poetry,Thơ Việt Nam 
904 |i mai,Hải 
980 |a Trung tâm Học liệu Trường Đại học Cần Thơ